Normal view
MARC view
- Jolles R L
Entry Personal Name
001 - CONTROL NUMBER
- control field: 117371
003 - CONTROL NUMBER IDENTIFIER
- control field: OSt
005 - DATE AND TIME OF LATEST TRANSACTION
- control field: 20230125045408.0
008 - FIXED-LENGTH DATA ELEMENTS
- fixed length control field: 230125|| aca||aabn | a|a d
040 ## - CATALOGING SOURCE
- Original cataloging agency: OSt
- Transcribing agency: OSt
100 ## - HEADING--PERSONAL NAME
- Personal name: Jolles R L
670 ## - SOURCE DATA FOUND
- Source citation: Work cat.: (OSt)95147: Jolles R L, Developing Mental Agility : Train Your Mind To Think And Act Faster, 2007